000 00676nam a22002297a 4500
003 UA-OsUOA
001 45467
007 ta
008 20070423b un ||||| |||| 00| 0 ukr d
100 _aКарпенко Віталій
090 _a94 (477)
_bК 26
942 _cBK
040 _aUA-OsUOA
_bukr
_cUA-OsUOA
_dUA-OsUOA
245 _aУкраїнські студії під небом Баварії
_bМюнхенські враження
300 _a140 с.
955 _a2
041 _aukr
080 _a94 (477)
260 _aК.
_bВечірній Київ
_c1998
650 7 _a9 Географія. Біографії. Історія
_2UDC
999 _c331569
_d331569